LDR 01394nam a2200301 i 4500 001 000000064116 003 CaOOAMICUS 005 20260512140622.0 008 030317s1990 gw u000 u ger u 013 $a35288 020 $a3-491-77803-4 040 $aSeMil$bita 245 14$aDas Gewissen :$bsubjektive Willkür oder oberste Norm? /$cherausgegeben von Johannes Gründel ; mit Beiträgen von Gerhard Dautzenberg ... [et al.]. 260 $aDüsseldorf :$bPatmos,$c1990. 300 $a126 p. ;$c21 cm. 490 0 $aSchriften der Katholischen Akademie in Bayern ;$v135 650 4$aCoscienza - Teologia cattolica.$0(OLS)http://semarc/subject/60216 700 1 $aGründel, Johannes,$d<1929-2015>.$0(OLS)http://semarc/name/13162 700 1 $aDautzenberg, Gerhard.$0(OLS)http://semarc/name/23729 830 0$aSchriften der Katholischen Akademie in Bayern ;$v135.$0(OLS)http://semarc/title/10470 850 $aSeMil 852 $aSeMil$W1$xVenegono$y1$m2C VII 125$j271767$B30269$CSeMilBibl$Z2$F30272 $81 941 1 $a4 961 $aOmaggio: Martini Card. Carlo Maria. -- Con dedica autografa del curatore 996 $6020$a3-491-77803-4$9(OLS)http://semarc/number/40983 996 $6245$aDas Gewissen :$bsubjektive Willkür oder oberste Norm?$9(OLS)http://semarc/title/101402 996 $6260$aDüsseldorf :$bPatmos$9(OLS)http://semarc/publisher/30034